| 000 -LEADER |
| fixed length control field |
01117pab a2200181 454500 |
| 008 - FIXED-LENGTH DATA ELEMENTS--GENERAL INFORMATION |
| fixed length control field |
180718b1999 xxu||||| |||| 00| 0 eng d |
| 100 ## - MAIN ENTRY--PERSONAL NAME |
| Personal name |
Alexander, Michael |
| 245 ## - TITLE STATEMENT |
| Title |
The effect of green taxes and carbon tax shifting on the state of Minnesota |
| 260 ## - PUBLICATION, DISTRIBUTION, ETC. |
| Date of publication, distribution, etc. |
1999 |
| 300 ## - PHYSICAL DESCRIPTION |
| Extent |
p.975-96 |
| 362 ## - DATES OF PUBLICATION AND/OR SEQUENTIAL DESIGNATION |
| Dates of publication and/or sequential designation |
Jun |
| 520 ## - SUMMARY, ETC. |
| Summary, etc. |
Although it is well established that taxes have a distortionary and negative effect on the economy, not all taxes are equally deleterious. This study examines the effect of a revenue neutral tax on Carbon Emissions, using the Energy 2020 and REMI models. The revenue raised by the carbontax is off-set by corresponding reductions in other taxes (property and payroll taxes). The results indicate that the carbon emissions tax may or may not be as negative to economic growth as the taxes that they replace were. Therefore, it is possible to tax pollution, and only minorly slow or even stimulate the economy. - Reproduced |
| 650 ## - SUBJECT ADDED ENTRY--TOPICAL TERM |
| Topical term or geographic name entry element |
Taxation - Minnessota |
| 650 ## - SUBJECT ADDED ENTRY--TOPICAL TERM |
| Topical term or geographic name entry element |
Taxation |
| 700 ## - ADDED ENTRY--PERSONAL NAME |
| Personal name |
Backus, George |
| 773 ## - HOST ITEM ENTRY |
| Main entry heading |
International Journal of Public Administration |
| 909 ## - |
| -- |
41163 |